Kouzelné Vánoce Boni pueri a hosté

Podrobná bibliografia
Korporatívny autor: Boni Pueri (spevácky zbor) (Autor)
Ďalší autori: Bílá, Lucie, 1966- (Spevák), Gott, Karel, 1939-2019 (Spevák), Šporcl, Pavel, 1973- (Účinkujúci)
Médium: CD Zvuková nahrávka
Jazyk:čeština
angličtina
PhysicalDescription:1 zvuková platňa (51:22) digitál., stereo. 12 cm
Vydavateľské údaje: [S.l. Supraphon 2009]
Predmet:

MARC

LEADER 00000njm a2200000 a 4500
001 vtls010281259
003 SK-MaSNL
005 20260301131916.0
007 sd fsngnnmmned
008 110526p2009 xr ppnn cze
040 |a SNK  |b slo  |c SNK  |e AACR2 
041 0 |d cze  |d eng 
044 |a xr  |c CZ 
072 7 |a 784  |x Vokálna hudba  |2 konspekt 
072 7 |a 783  |x Cirkevná hudba. Duchovná hudba. Náboženská hudba  |2 konspekt 
080 |a 783.65  |2 2001 
080 |a 784.68  |2 2001 
080 |a 783.28  |2 2001 
080 |a (086.76)  |2 2001 
110 2 |a Boni Pueri (spevácky zbor)  |4 aut  |9 481862 
245 1 0 |a Kouzelné Vánoce  |h zvukový záznam  |b Boni pueri a hosté 
260 |a [S.l.  |b Supraphon  |c 2009] 
300 |a 1 zvuková platňa (51:22)  |b digitál., stereo.  |c 12 cm 
306 |a 005122 
500 |a Príloha denníka Nový Čas 
500 |a Kompaktná platňa AAD 
500 |a Táto kompilácia fonogram 2002 Supraphon 
505 0 |a Štědrej večer nastal -- Panis Angelicus / César Franck -- Pochválen buď Ježíš Kristus -- Cantique de noël / Adolphe Adam -- Chtíc aby spal / [Adam Michna] -- Hark! The herald angels sing / Felix Mendelssohn-Bartholdy -- Nesem vám noviny -- Air / Johann Sebastian Bach -- Kristus Pán se narodil -- Hallelujah / Georg Friedrich Händel -- Jak jsi krásné neviňátko -- Cantique de Jean Racine / Gabriel Fauré -- Já bych rád k Betlému -- El Nacimento / Ariel Ramirez -- Veselé vánoční hody -- Ding dong! Merilly on high -- Byla cesta, byla ušlapaná -- Pie Jesu / Andrew LLoyd Webber -- Narodil se Kristus Pán -- Tichá noc / Franz Gruber 
511 0 |a Spieva detský chlapčenský zbor Boni pueri a hostia: Lucie Bílá, Karel Gott 
511 0 |a Pavel Šporcl, husle; Kateřina Englichová, harfa; Jaroslav Tůma, organ; Pavel Horák, dirigent 
650 0 7 |a vianočné piesne  |2 SNKPH  |9 67789 
650 0 7 |a vianočná hudba  |2 SNKPH  |9 3411 
650 0 7 |a koledy  |2 SNKPH  |9 3441 
655 7 |a kompaktné platne  |2 SNKPH  |9 70690 
700 1 |a Bílá, Lucie,  |d 1966-  |4 sng  |9 137312 
700 1 |a Gott, Karel,  |d 1939-2019  |4 sng  |9 98862 
700 1 |a Šporcl, Pavel,  |d 1973-  |4 prf  |9 481863 
999 |c 749513  |d 751443 
952 |a SNK  |b SNK  |y PREZ  |7 0  |p 17A0703887  |o snkSCD 2547  |i snk2011/12221  |8 1  |0 0  |1 0  |4 0  |d 2011-05-26  |l 0  |r 2026-02-23 23:27:39  |w 2026-02-23